[Event "Midland Ch Forrest Cup"]
[Site "Derby"]
[Date "1989.03.12"]
[Round "6"]
[White "Foulger, John G"]
[Black "Barton, R Alan"]
[Result "1/2-1/2"]
[WhiteElo "2064"]
[BlackElo "2080"]
[PlyCount "69"]
[EventDate "1989.03.10"]
[EventType "swiss"]
[EventRounds "6"]
[EventCountry "ENG"]
[SourceTitle "BritBase"]
[Source "John Saunders"]
[SourceDate "2022.11.28"]
[SourceVersion "1"]
[SourceVersionDate "2022.08.23"]
[SourceQuality "1"]

1. e4 d5 2. exd5 Qxd5 3. Nc3 Qa5 4. d4 Nf6 5. Nf3 Bf5 6. Bd3 e6 7. O-O Nbd7 8.
Bxf5 Qxf5 9. Re1 Bb4 10. Bd2 O-O 11. a3 Bd6 12. Nh4 Qg4 13. Qxg4 Nxg4 14. h3
Ngf6 15. Nb5 Nb6 16. b3 Be7 17. c4 c6 18. Nc3 Rfd8 19. Nf3 h6 20. Bc1 Nh7 21.
Bb2 Ng5 22. Nxg5 Bxg5 23. Rad1 Nd7 24. g3 a5 25. d5 cxd5 26. cxd5 Nc5 27. b4
axb4 28. axb4 Na4 29. Nxa4 Rxa4 30. dxe6 Rxd1 31. Rxd1 Rxb4 32. Ba3 Re4 33.
exf7+ Kxf7 34. Rd7+ Kg6 35. Rxb7 1/2-1/2

[Event "Midland Ch Forrest Cup"]
[Site "Derby"]
[Date "1989.03.12"]
[Round "6"]
[White "Khan, Tariq Ul-Alam"]
[Black "Barnes, Michael H"]
[Result "1-0"]
[WhiteElo "1920"]
[BlackElo "2120"]
[PlyCount "55"]
[EventDate "1989.03.10"]
[EventType "swiss"]
[EventRounds "6"]
[EventCountry "ENG"]
[SourceTitle "BritBase"]
[Source "John Saunders"]
[SourceDate "2022.11.28"]
[SourceVersion "1"]
[SourceVersionDate "2022.08.23"]
[SourceQuality "1"]

1. d4 Nf6 2. c4 g6 3. Nc3 Bg7 4. e4 d6 5. Nf3 O-O 6. Be2 e5 7. O-O Nbd7 8. Qc2
c6 9. Rd1 Qe7 10. d5 c5 11. Ne1 Ne8 12. Be3 f5 13. f3 f4 14. Bf2 Bf6 15. Nd3
Bh4 16. a3 Bxf2+ 17. Nxf2 g5 18. b4 Rf6 19. bxc5 Nxc5 20. Na4 Bd7 21. Nxc5 dxc5
22. Rdb1 b6 23. a4 h5 24. a5 Rb8 25. axb6 axb6 26. Ra7 Rg6 27. Nd3 Kf7 28. Rxd7
1-0

[Event "Midland Ch Forrest Cup"]
[Site "Derby"]
[Date "1989.03.12"]
[Round "6"]
[White "Markham, Philip"]
[Black "Paterson, Andrew I"]
[Result "0-1"]
[WhiteElo "1876"]
[BlackElo "1784"]
[PlyCount "84"]
[EventDate "1989.03.10"]
[EventType "swiss"]
[EventRounds "6"]
[EventCountry "ENG"]
[SourceTitle "BritBase"]
[Source "John Saunders"]
[SourceDate "2022.11.28"]
[SourceVersion "1"]
[SourceVersionDate "2022.08.23"]
[SourceQuality "1"]

1. e4 e5 2. f4 exf4 3. Qf3 Qh4+ 4. g3 fxg3 5. hxg3 Qf6 6. Nc3 Nc6 7. Nd5 Qxf3
8. Nxf3 Bd6 9. d4 Bxg3+ 10. Kd1 Nge7 11. Rb1 Bd6 12. Ne3 Ng6 13. e5 Be7 14. Nd5
Bd8 15. Bg5 d6 16. Bxd8 Kxd8 17. exd6 cxd6 18. c3 Be6 19. Ne3 d5 20. Ng5 Kc7
21. Kd2 Rad8 22. Bd3 Nce7 23. Rbf1 Rdf8 24. Rf2 Kd7 25. b3 h6 26. Nf3 Rhg8 27.
c4 dxc4 28. bxc4 Kc8 29. Rb1 f5 30. d5 Bd7 31. Nc2 Nf4 32. Bf1 g5 33. Ke3 Neg6
34. Rd2 Re8+ 35. Kf2 g4 36. Nfd4 Ne5 37. Nb4 g3+ 38. Kg1 h5 39. Rdb2 h4 40. c5
g2 41. Na6 Nh3+ 42. Kh2 g1=Q+ 0-1

[Event "Midland Ch Forrest Cup"]
[Site "Derby"]
[Date "1989.03.12"]
[Round "6"]
[White "Parker, Jonathan"]
[Black "Gilmore, Simon N"]
[Result "1/2-1/2"]
[WhiteElo "1928"]
[BlackElo "1960"]
[PlyCount "45"]
[EventDate "1989.03.10"]
[EventType "swiss"]
[EventRounds "6"]
[EventCountry "ENG"]
[SourceTitle "BritBase"]
[Source "John Saunders"]
[SourceDate "2022.11.28"]
[SourceVersion "1"]
[SourceVersionDate "2022.08.23"]
[SourceQuality "1"]

1. d4 Nf6 2. c4 g6 3. Nc3 d5 4. Nf3 Bg7 5. cxd5 Nxd5 6. Qb3 e6 7. e4 Nxc3 8.
bxc3 b6 9. Ba3 Bb7 10. Bd3 Nd7 11. O-O c5 12. Rfd1 Qc7 13. Ng5 O-O 14. e5 Rac8
15. Qb2 Rfe8 16. Ne4 Bxe4 17. Bxe4 cxd4 18. cxd4 Bf8 19. Rac1 Qb8 20. Bc6 Bxa3
21. Qxa3 Rc7 22. Bxd7 Rxd7 23. Qc3 1/2-1/2

[Event "Midland Ch Forrest Cup"]
[Site "Derby"]
[Date "1989.03.12"]
[Round "6"]
[White "Smith, Graham M"]
[Black "Joshi, DM."]
[Result "0-1"]
[WhiteElo "1984"]
[BlackElo "2128"]
[PlyCount "112"]
[EventDate "1989.03.10"]
[EventType "swiss"]
[EventRounds "6"]
[EventCountry "ENG"]
[SourceTitle "BritBase"]
[Source "John Saunders"]
[SourceDate "2022.11.28"]
[SourceVersion "1"]
[SourceVersionDate "2022.08.23"]
[SourceQuality "1"]

1. e4 e6 2. b3 d5 3. Bb2 dxe4 4. Nc3 Nf6 5. Qe2 Be7 6. Nxe4 O-O 7. Nf3 Nbd7 8.
g3 b6 9. Bg2 Bb7 10. Nxf6+ Bxf6 11. Bxf6 Qxf6 12. O-O e5 13. Nxe5 Bxg2 14. Nxd7
Qc6 15. Nxf8 Rxf8 16. Rfe1 Bf3 17. Qc4 Qb7 18. Re3 Bh1 19. f3 Bxf3 20. Rf1 Bd5
21. Qe2 Qc8 22. c4 Be6 23. d4 c6 24. Re4 h6 25. g4 Rd8 26. Rf2 Rd6 27. Rg2 Qd8
28. Qe3 Kh7 29. a4 a6 30. Rg3 b5 31. axb5 axb5 32. cxb5 c5 33. Rxe6 Rxe6 34.
Qd3+ g6 35. dxc5 Qe7 36. c6 Re2 37. Qd4 Qh4 38. Qf4 Qxh2+ 39. Kf1 Re7 40. Rf3
Qe2+ 41. Kg1 Qxb5 42. Rc3 Re1+ 43. Kg2 Qe2+ 44. Qf2 Qxg4+ 45. Rg3 Qe4+ 46. Qf3
Qe7 47. Kf2 Re6 48. Qd5 Rd6 49. Qc4 Rd2+ 50. Kf3 Qf6+ 51. Ke4 Qf5+ 52. Ke3 Qf2+
53. Ke4 f5+ 54. Ke5 Qxg3+ 55. Kf6 Rd6+ 56. Kf7 Qe5 0-1

[Event "Midland Ch Forrest Cup"]
[Site "Derby"]
[Date "1989.03.12"]
[Round "6"]
[White "Southall, Andrew C"]
[Black "McSheehy, Nigel AP"]
[Result "0-1"]
[WhiteElo "1912"]
[BlackElo "2000"]
[PlyCount "72"]
[EventDate "1989.03.10"]
[EventType "swiss"]
[EventRounds "6"]
[EventCountry "ENG"]
[SourceTitle "BritBase"]
[Source "John Saunders"]
[SourceDate "2022.11.28"]
[SourceVersion "1"]
[SourceVersionDate "2022.08.23"]
[SourceQuality "1"]

1. e4 e5 2. Nf3 f5 3. Bc4 Nf6 4. Nxe5 Qe7 5. d4 d6 6. Nf7 d5 7. Nxh8 dxc4 8. e5
Nd5 9. O-O g6 10. Qf3 Be6 11. Nc3 c6 12. Qg3 Qg7 13. Nxd5 cxd5 14. b3 Nc6 15.
c3 Qxh8 16. bxc4 dxc4 17. Bg5 Be7 18. Rab1 Bxg5 19. Qxg5 Qg7 20. Rb5 Rd8 21.
Re1 b6 22. Qg3 Qd7 23. Rbb1 Ne7 24. h4 Bd5 25. h5 Qe6 26. hxg6 Qxg6 27. Qxg6+
Nxg6 28. f3 Nf4 29. g3 Nd3 30. Rf1 Ke7 31. Kg2 Rg8 32. Rh1 Rg7 33. Rh4 Kf7 34.
Rbh1 b5 35. Rxh7 b4 36. R7h5 Nf4+ 0-1